Symbolic dynamics and its applications

Αποθηκεύτηκε σε:
Λεπτομέρειες βιβλιογραφικής εγγραφής
Άλλοι συγγραφείς: Walters, Peter 1943- (Επιμελητής έκδοσης)
Μορφή: Βιβλίο
Γλώσσα:English
Δημοσίευση: American Mathematical Society : Providence, Rhode island, c1992
Σειρά:Contemporary mathematics (American Mathematical Society) ; ; 135
Θέματα:
Ετικέτες: Προσθήκη ετικέτας
Δεν υπάρχουν, Καταχωρήστε ετικέτα πρώτοι!

MARC

LEADER 00000nam a2200000 i 4500
001 1/90911
008 991005s1992 eng d
020 |a 0821851462 
035 |l 10053329 
040 |a GR-MY-UA  |b gre  |e aacr 
041 0 |a eng 
082 0 |a 514.74 
245 1 0 |a Symbolic dynamics and its applications /  |c Peter Walters, editor 
260 |a American Mathematical Society :   |b Providence, Rhode island,   |c c1992 
300 |a xvi, 451 p.;  |b ill.;  |c 26 cm. 
490 1 |a Contemporary mathematics  |v ; 135 
500 |a Proceedings of a conference held at Yale University, from July 28 to August 2, 1991 in honor of Roy L. Adler 
500 |a Includes bibliographical references 
650 0 0 |a Topological dynamics  |x Congresses. 
700 1 |a Walters, Peter  |d 1943-  |4 edt 
830 0 |a Contemporary mathematics (American Mathematical Society) ;  |v ; 135 
852 |a INST  |b SAMOS  |e 19991005  |h 514.74 SYM  |p 005300012364  |q 005300012364  |t BK  |y 0 
901 |a BIBL3-1999-3 
909 |a Σ  |b 063435 
922 |a 3ΕΛΗ  |b 199907  |c ΕΠΕΑΕΚ/ΜΑΘ  |d ΠΑΠΑΣΩΤΗΡΙΟΥ 
970 |a ΓΕΝΟΥΖΟΥ  |b ΧΡΥΣΑΝΘΗ  |z 1999/10/05